Systém manažérstva kvality bakalárska práca

Gespeichert in:
Bibliographische Detailangaben
1. Verfasser: Hanková, Hana
Körperschaft: Fakulta podnikového manažmentu EU. Katedra manažmentu
Weitere Verfasser: Kráčmar, Ján
Format: Buch
Sprache:Slowakisch
Veröffentlicht: Bratislava 2011
Tags: Tag hinzufügen
Keine Tags, Fügen Sie das erste Tag hinzu!

MARC

LEADER 00000nbm a2200000 4500
001 0131246
005 20161109111418.0
041 0 |a slo 
044 |a SK 
245 1 0 |a Systém manažérstva kvality  |b bakalárska práca  |c Hana Hanková ; školiteľ:Ján Kráčmar 
264 1 |a Bratislava  |c 2011 
300 |a 54 s. 
100 1 |a Hanková, Hana 
700 1 |a Kráčmar, Ján 
710 2 |a Fakulta podnikového manažmentu EU. Katedra manažmentu